| 000 | 00398cam a22001457a 4500 | ||
|---|---|---|---|
| 008 | 180718b1959 xxu||||| |||| 00| 0 eng d | ||
| 082 | _aB5x73 C817/59 | ||
| 100 | _aCorry, J.A. | ||
| 245 |
_aElements of democratic government _cby J.A. Corry and Henry J. Abraham |
||
| 250 | _a3rd ed. | ||
| 260 |
_aN.Y. _bOUP _c1959 |
||
| 300 | _a734p. | ||
| 650 | _aUSA - Government | ||
| 700 | _aAbraham, Henry J. | ||
| 999 |
_c478862 _d478862 |
||